000 00732nam a2200253 i 4500
001 C2-0133353
003 PPAK
005 20180727123419.0
008 971130s1984 nyua|||| ||||| | eng d
020 _a0850388708
040 _aPPAK
_beng
_cPPAK
_erda
082 0 4 _a001.5032
_223
090 0 0 _a001.5032
_bMEA
_dR
100 1 _aMeadows, A. J.,
_eauthor
245 1 0 _aDictionary of computing and new technology
264 1 _aNew York :
_bNicholas Publishing Company ,
_c1984
300 _a229 pages :
_billustrations ;
_c20 cm
336 _2rdacontent
_atext
337 _2rdamedia
_aunmediated
338 _2rdacarrier
_avolume
650 1 0 _aElectronic data processing - Dictionaries.
700 _eauthor
942 _ddc
_cB
999 _c42004
_d42004